<?xml version="1.0" encoding="UTF-8"?>
<record
    xmlns:xsi="http://www.w3.org/2001/XMLSchema-instance"
    xsi:schemaLocation="http://www.loc.gov/MARC21/slim http://www.loc.gov/standards/marcxml/schema/MARC21slim.xsd"
    xmlns="http://www.loc.gov/MARC21/slim">

  <leader>04253nam a22004577a 4500</leader>
  <controlfield tag="005">20101011161237.0</controlfield>
  <datafield tag="010" ind1=" " ind2=" ">
    <subfield code="a">HIN-90863      B-430340-352</subfield>
  </datafield>
  <datafield tag="020" ind1=" " ind2=" ">
    <subfield code="a">9788170437529</subfield>
    <subfield code="c">500.00</subfield>
  </datafield>
  <datafield tag="035" ind1=" " ind2=" ">
    <subfield code="a">HN-63209</subfield>
  </datafield>
  <datafield tag="035" ind1=" " ind2=" ">
    <subfield code="a">B-430340-352</subfield>
  </datafield>
  <datafield tag="037" ind1=" " ind2=" ">
    <subfield code="b">DBAD / PUB</subfield>
  </datafield>
  <datafield tag="037" ind1=" " ind2=" ">
    <subfield code="b">&#x906;&#x930;.&#x92C;&#x940;.&#x938;&#x940;. </subfield>
  </datafield>
  <datafield tag="082" ind1=" " ind2=" ">
    <subfield code="a">&#x909;</subfield>
  </datafield>
  <datafield tag="100" ind1=" " ind2=" ">
    <subfield code="a">&#x935;&#x93F;&#x930;&#x93E;&#x91C;</subfield>
    <subfield code="9">27591</subfield>
  </datafield>
  <datafield tag="245" ind1=" " ind2=" ">
    <subfield code="a">&#x928;&#x947;&#x92A;&#x93E;&#x932;&#x947;&#x936;&#x94D;&#x935;&#x930; /</subfield>
    <subfield code="c">&#x935;&#x93F;&#x930;&#x93E;&#x91C;</subfield>
  </datafield>
  <datafield tag="246" ind1=" " ind2=" ">
    <subfield code="a">Nepaleshwar</subfield>
    <subfield code="b">by Viraz</subfield>
  </datafield>
  <datafield tag="260" ind1=" " ind2=" ">
    <subfield code="a">&#x926;&#x93F;&#x932;&#x94D;&#x932;&#x940;</subfield>
    <subfield code="b">&#x906;&#x924;&#x94D;&#x92E;&#x93E;&#x930;&#x93E;&#x92E; &#x90F;&#x923;&#x94D;&#x921; &#x938;&#x902;&#x938;</subfield>
    <subfield code="c">2010</subfield>
  </datafield>
  <datafield tag="270" ind1=" " ind2=" ">
    <subfield code="a">1376, &#x915;&#x936;&#x94D;&#x92E;&#x940;&#x930;&#x940; &#x917;&#x947;&#x91F;</subfield>
    <subfield code="b">&#x926;&#x93F;&#x932;&#x94D;&#x932;&#x940;</subfield>
    <subfield code="e">110006</subfield>
    <subfield code="k">011-23946466, 23973082-83</subfield>
    <subfield code="l">011-23973082</subfield>
    <subfield code="m">atmaram_books@hotmail.com</subfield>
  </datafield>
  <datafield tag="300" ind1=" " ind2=" ">
    <subfield code="a">320&#x92A;&#x943;.</subfield>
    <subfield code="c">22&#x938;&#x947;&#x92E;&#x940; (&#x938;&#x91C;&#x93F;&#x932;&#x94D;&#x926;)</subfield>
  </datafield>
  <datafield tag="500" ind1=" " ind2=" ">
    <subfield code="a">&#x928;&#x947;&#x92A;&#x93E;&#x932; &#x915;&#x947; &#x930;&#x915;&#x94D;&#x924;&#x930;&#x902;&#x91C;&#x93F;&#x924; &#x907;&#x924;&#x93F;&#x939;&#x93E;&#x938; &#x915;&#x940;, &#x938;&#x941;&#x915;&#x941;&#x92E;&#x93E;&#x930; &#x92A;&#x94D;&#x930;&#x947;&#x92E; &#x915;&#x925;&#x93E; &#x914;&#x930; &#x928;&#x93F;&#x930;&#x94D;&#x92E;&#x92E; &#x937;&#x921;&#x94D;&#x92F;&#x902;&#x924;&#x94D;&#x930;&#x94B;&#x902; &#x915;&#x940; &#x930;&#x94B;&#x92E;&#x93E;&#x902;&#x91A;&#x915;&#x93E;&#x930;&#x940; &#x915;&#x925;&#x93E;</subfield>
  </datafield>
  <datafield tag="650" ind1=" " ind2=" ">
    <subfield code="a">&#x939;&#x93F;&#x928;&#x94D;&#x926;&#x940; &#x909;&#x92A;&#x928;&#x94D;&#x92F;&#x93E;&#x938;</subfield>
    <subfield code="9">27592</subfield>
  </datafield>
  <datafield tag="650" ind1=" " ind2=" ">
    <subfield code="a">Hindi Novel</subfield>
    <subfield code="9">27593</subfield>
  </datafield>
  <datafield tag="700" ind1=" " ind2=" ">
    <subfield code="9">22273</subfield>
  </datafield>
  <datafield tag="700" ind1=" " ind2=" ">
    <subfield code="9">22352</subfield>
  </datafield>
  <datafield tag="942" ind1=" " ind2=" ">
    <subfield code="2">ddc</subfield>
    <subfield code="c">HN</subfield>
    <subfield code="h">&#x909;</subfield>
    <subfield code="m">&#x935;&#x93F;&#x930;&#x93E;&#x91C;</subfield>
  </datafield>
  <datafield tag="999" ind1=" " ind2=" ">
    <subfield code="c">48394</subfield>
    <subfield code="d">48394</subfield>
  </datafield>
  <datafield tag="952" ind1=" " ind2=" ">
    <subfield code="0">0</subfield>
    <subfield code="1">0</subfield>
    <subfield code="2">ddc</subfield>
    <subfield code="4">0</subfield>
    <subfield code="7">1</subfield>
    <subfield code="8">FIC</subfield>
    <subfield code="a">DBAD</subfield>
    <subfield code="b">DBAD</subfield>
    <subfield code="d">2010-10-11</subfield>
    <subfield code="e">DBAD / PUB</subfield>
    <subfield code="g">500.00</subfield>
    <subfield code="l">0</subfield>
    <subfield code="o">&#x909; &#x935;&#x93F;&#x930;&#x93E;&#x91C;</subfield>
    <subfield code="p">HN-63209</subfield>
    <subfield code="r">2010-10-11 00:00:00</subfield>
    <subfield code="t">1</subfield>
    <subfield code="v">500.00</subfield>
    <subfield code="w">2010-10-11</subfield>
    <subfield code="y">HN</subfield>
  </datafield>
  <datafield tag="952" ind1=" " ind2=" ">
    <subfield code="0">0</subfield>
    <subfield code="1">0</subfield>
    <subfield code="4">0</subfield>
    <subfield code="7">0</subfield>
    <subfield code="8">FIC</subfield>
    <subfield code="a">L</subfield>
    <subfield code="b">L</subfield>
    <subfield code="d">2011-05-02</subfield>
    <subfield code="e">&#x906;&#x930;.&#x92C;&#x940;.&#x938;&#x940;./22598/28.3.11/82/15.311/31.3.11</subfield>
    <subfield code="g">500.00</subfield>
    <subfield code="l">0</subfield>
    <subfield code="o">&#x909; &#x935;&#x93F;&#x930;&#x93E;&#x91C;</subfield>
    <subfield code="p">B-430340</subfield>
    <subfield code="r">2011-05-02 00:00:00</subfield>
    <subfield code="t">1</subfield>
    <subfield code="v">500.00</subfield>
    <subfield code="w">2011-05-02</subfield>
    <subfield code="y">HN</subfield>
  </datafield>
  <datafield tag="952" ind1=" " ind2=" ">
    <subfield code="0">0</subfield>
    <subfield code="1">0</subfield>
    <subfield code="4">0</subfield>
    <subfield code="7">0</subfield>
    <subfield code="8">FIC</subfield>
    <subfield code="a">BL1</subfield>
    <subfield code="b">BL1</subfield>
    <subfield code="d">2011-05-02</subfield>
    <subfield code="e">&#x906;&#x930;.&#x92C;&#x940;.&#x938;&#x940;./22598/28.3.11/82/15.311/31.3.11</subfield>
    <subfield code="g">500.00</subfield>
    <subfield code="l">1</subfield>
    <subfield code="o">&#x909; &#x935;&#x93F;&#x930;&#x93E;&#x91C;</subfield>
    <subfield code="p">B-430341</subfield>
    <subfield code="r">2018-09-04 00:00:00</subfield>
    <subfield code="s">2018-08-21</subfield>
    <subfield code="t">1</subfield>
    <subfield code="v">500.00</subfield>
    <subfield code="w">2011-05-02</subfield>
    <subfield code="y">HN</subfield>
  </datafield>
  <datafield tag="952" ind1=" " ind2=" ">
    <subfield code="0">0</subfield>
    <subfield code="1">0</subfield>
    <subfield code="4">0</subfield>
    <subfield code="7">0</subfield>
    <subfield code="8">FIC</subfield>
    <subfield code="a">KGM</subfield>
    <subfield code="b">KGM</subfield>
    <subfield code="d">2011-05-02</subfield>
    <subfield code="e">&#x906;&#x930;.&#x92C;&#x940;.&#x938;&#x940;./22598/28.3.11/82/15.311/31.3.11</subfield>
    <subfield code="g">500.00</subfield>
    <subfield code="l">0</subfield>
    <subfield code="o">&#x909; &#x935;&#x93F;&#x930;&#x93E;&#x91C;</subfield>
    <subfield code="p">B-430342</subfield>
    <subfield code="r">2011-05-02 00:00:00</subfield>
    <subfield code="t">1</subfield>
    <subfield code="v">500.00</subfield>
    <subfield code="w">2011-05-02</subfield>
    <subfield code="y">HN</subfield>
  </datafield>
  <datafield tag="952" ind1=" " ind2=" ">
    <subfield code="0">0</subfield>
    <subfield code="1">0</subfield>
    <subfield code="4">0</subfield>
    <subfield code="7">0</subfield>
    <subfield code="8">FIC</subfield>
    <subfield code="a">ZLS</subfield>
    <subfield code="b">ZLS</subfield>
    <subfield code="d">2011-05-02</subfield>
    <subfield code="e">&#x906;&#x930;.&#x92C;&#x940;.&#x938;&#x940;./22598/28.3.11/82/15.311/31.3.11</subfield>
    <subfield code="g">500.00</subfield>
    <subfield code="l">0</subfield>
    <subfield code="o">&#x909; &#x935;&#x93F;&#x930;&#x93E;&#x91C;</subfield>
    <subfield code="p">B-430343</subfield>
    <subfield code="r">2011-05-02 00:00:00</subfield>
    <subfield code="t">1</subfield>
    <subfield code="v">500.00</subfield>
    <subfield code="w">2011-05-02</subfield>
    <subfield code="y">HN</subfield>
  </datafield>
  <datafield tag="952" ind1=" " ind2=" ">
    <subfield code="0">0</subfield>
    <subfield code="1">0</subfield>
    <subfield code="4">0</subfield>
    <subfield code="7">0</subfield>
    <subfield code="8">FIC</subfield>
    <subfield code="a">RKP</subfield>
    <subfield code="b">RKP</subfield>
    <subfield code="d">2011-05-02</subfield>
    <subfield code="e">&#x906;&#x930;.&#x92C;&#x940;.&#x938;&#x940;./22598/28.3.11/82/15.311/31.3.11</subfield>
    <subfield code="g">500.00</subfield>
    <subfield code="l">1</subfield>
    <subfield code="o">&#x909; &#x935;&#x93F;&#x930;&#x93E;&#x91C;</subfield>
    <subfield code="p">B-430344</subfield>
    <subfield code="r">2023-06-07 00:00:00</subfield>
    <subfield code="s">2023-06-02</subfield>
    <subfield code="t">1</subfield>
    <subfield code="v">500.00</subfield>
    <subfield code="w">2011-05-02</subfield>
    <subfield code="y">HN</subfield>
  </datafield>
  <datafield tag="952" ind1=" " ind2=" ">
    <subfield code="0">0</subfield>
    <subfield code="1">0</subfield>
    <subfield code="4">0</subfield>
    <subfield code="7">0</subfield>
    <subfield code="8">FIC</subfield>
    <subfield code="a">AG</subfield>
    <subfield code="b">AG</subfield>
    <subfield code="d">2011-05-02</subfield>
    <subfield code="e">&#x906;&#x930;.&#x92C;&#x940;.&#x938;&#x940;./22598/28.3.11/82/15.311/31.3.11</subfield>
    <subfield code="g">500.00</subfield>
    <subfield code="l">2</subfield>
    <subfield code="m">1</subfield>
    <subfield code="o">&#x909; &#x935;&#x93F;&#x930;&#x93E;&#x91C;</subfield>
    <subfield code="p">B-430345</subfield>
    <subfield code="r">2025-01-07 00:00:00</subfield>
    <subfield code="s">2024-12-24</subfield>
    <subfield code="t">1</subfield>
    <subfield code="v">500.00</subfield>
    <subfield code="w">2011-05-02</subfield>
    <subfield code="y">HN</subfield>
  </datafield>
  <datafield tag="952" ind1=" " ind2=" ">
    <subfield code="0">0</subfield>
    <subfield code="1">0</subfield>
    <subfield code="4">0</subfield>
    <subfield code="7">0</subfield>
    <subfield code="8">FIC</subfield>
    <subfield code="a">SP</subfield>
    <subfield code="b">SP</subfield>
    <subfield code="d">2011-05-02</subfield>
    <subfield code="e">&#x906;&#x930;.&#x92C;&#x940;.&#x938;&#x940;./22598/28.3.11/82/15.311/31.3.11</subfield>
    <subfield code="g">500.00</subfield>
    <subfield code="l">0</subfield>
    <subfield code="o">&#x909; &#x935;&#x93F;&#x930;&#x93E;&#x91C;</subfield>
    <subfield code="p">B-430346</subfield>
    <subfield code="r">2011-05-02 00:00:00</subfield>
    <subfield code="t">1</subfield>
    <subfield code="v">500.00</subfield>
    <subfield code="w">2011-05-02</subfield>
    <subfield code="y">HN</subfield>
  </datafield>
  <datafield tag="952" ind1=" " ind2=" ">
    <subfield code="0">0</subfield>
    <subfield code="1">0</subfield>
    <subfield code="4">0</subfield>
    <subfield code="7">0</subfield>
    <subfield code="8">FIC</subfield>
    <subfield code="a">QRP</subfield>
    <subfield code="b">QRP</subfield>
    <subfield code="d">2011-05-02</subfield>
    <subfield code="e">&#x906;&#x930;.&#x92C;&#x940;.&#x938;&#x940;./22598/28.3.11/82/15.311/31.3.11</subfield>
    <subfield code="g">500.00</subfield>
    <subfield code="l">1</subfield>
    <subfield code="o">&#x909; &#x935;&#x93F;&#x930;&#x93E;&#x91C;</subfield>
    <subfield code="p">B-430347</subfield>
    <subfield code="r">2019-04-24 00:00:00</subfield>
    <subfield code="s">2019-04-10</subfield>
    <subfield code="t">1</subfield>
    <subfield code="v">500.00</subfield>
    <subfield code="w">2011-05-02</subfield>
    <subfield code="y">HN</subfield>
  </datafield>
  <datafield tag="952" ind1=" " ind2=" ">
    <subfield code="0">0</subfield>
    <subfield code="1">0</subfield>
    <subfield code="4">0</subfield>
    <subfield code="7">0</subfield>
    <subfield code="8">FIC</subfield>
    <subfield code="a">VP</subfield>
    <subfield code="b">VP</subfield>
    <subfield code="d">2011-05-02</subfield>
    <subfield code="e">&#x906;&#x930;.&#x92C;&#x940;.&#x938;&#x940;./22598/28.3.11/82/15.311/31.3.11</subfield>
    <subfield code="g">500.00</subfield>
    <subfield code="l">3</subfield>
    <subfield code="o">&#x909; &#x935;&#x93F;&#x930;&#x93E;&#x91C;</subfield>
    <subfield code="p">B-430348</subfield>
    <subfield code="r">2018-02-22 00:00:00</subfield>
    <subfield code="s">2018-02-12</subfield>
    <subfield code="t">1</subfield>
    <subfield code="v">500.00</subfield>
    <subfield code="w">2011-05-02</subfield>
    <subfield code="y">HN</subfield>
  </datafield>
  <datafield tag="952" ind1=" " ind2=" ">
    <subfield code="0">0</subfield>
    <subfield code="1">0</subfield>
    <subfield code="4">0</subfield>
    <subfield code="7">0</subfield>
    <subfield code="8">FIC</subfield>
    <subfield code="a">BL3</subfield>
    <subfield code="b">BL3</subfield>
    <subfield code="d">2011-05-02</subfield>
    <subfield code="e">&#x906;&#x930;.&#x92C;&#x940;.&#x938;&#x940;./22598/28.3.11/82/15.311/31.3.11</subfield>
    <subfield code="g">500.00</subfield>
    <subfield code="l">0</subfield>
    <subfield code="o">&#x909; &#x935;&#x93F;&#x930;&#x93E;&#x91C;</subfield>
    <subfield code="p">B-430349</subfield>
    <subfield code="r">2011-05-02 00:00:00</subfield>
    <subfield code="t">1</subfield>
    <subfield code="v">500.00</subfield>
    <subfield code="w">2011-05-02</subfield>
    <subfield code="y">HN</subfield>
  </datafield>
  <datafield tag="952" ind1=" " ind2=" ">
    <subfield code="0">0</subfield>
    <subfield code="1">0</subfield>
    <subfield code="4">0</subfield>
    <subfield code="7">0</subfield>
    <subfield code="8">FIC</subfield>
    <subfield code="a">BL4</subfield>
    <subfield code="b">BL4</subfield>
    <subfield code="d">2011-05-02</subfield>
    <subfield code="e">&#x906;&#x930;.&#x92C;&#x940;.&#x938;&#x940;./22598/28.3.11/82/15.311/31.3.11</subfield>
    <subfield code="g">500.00</subfield>
    <subfield code="l">2</subfield>
    <subfield code="o">&#x909; &#x935;&#x93F;&#x930;&#x93E;&#x91C;</subfield>
    <subfield code="p">B-430350</subfield>
    <subfield code="r">2023-12-09 00:00:00</subfield>
    <subfield code="s">2023-11-30</subfield>
    <subfield code="t">1</subfield>
    <subfield code="v">500.00</subfield>
    <subfield code="y">HN</subfield>
  </datafield>
  <datafield tag="952" ind1=" " ind2=" ">
    <subfield code="0">0</subfield>
    <subfield code="1">0</subfield>
    <subfield code="4">0</subfield>
    <subfield code="7">0</subfield>
    <subfield code="8">FIC</subfield>
    <subfield code="a">RC</subfield>
    <subfield code="b">ZLS</subfield>
    <subfield code="d">2011-05-02</subfield>
    <subfield code="e">&#x906;&#x930;.&#x92C;&#x940;.&#x938;&#x940;./22598/28.3.11/82/15.311/31.3.11</subfield>
    <subfield code="g">500.00</subfield>
    <subfield code="l">1</subfield>
    <subfield code="o">&#x909; &#x935;&#x93F;&#x930;&#x93E;&#x91C;</subfield>
    <subfield code="p">B-430351</subfield>
    <subfield code="q">2026-05-22</subfield>
    <subfield code="r">2026-05-08 15:29:31</subfield>
    <subfield code="s">2026-05-08</subfield>
    <subfield code="t">2</subfield>
    <subfield code="v">500.00</subfield>
    <subfield code="w">2011-05-02</subfield>
    <subfield code="y">HN</subfield>
  </datafield>
  <datafield tag="952" ind1=" " ind2=" ">
    <subfield code="0">0</subfield>
    <subfield code="1">0</subfield>
    <subfield code="4">0</subfield>
    <subfield code="7">0</subfield>
    <subfield code="8">FIC</subfield>
    <subfield code="a">RC</subfield>
    <subfield code="b">RC</subfield>
    <subfield code="d">2011-05-02</subfield>
    <subfield code="e">&#x906;&#x930;.&#x92C;&#x940;.&#x938;&#x940;./22598/28.3.11/82/15.311/31.3.11</subfield>
    <subfield code="g">500.00</subfield>
    <subfield code="l">0</subfield>
    <subfield code="o">&#x909; &#x935;&#x93F;&#x930;&#x93E;&#x91C;</subfield>
    <subfield code="p">B-430352</subfield>
    <subfield code="r">2011-05-02 00:00:00</subfield>
    <subfield code="t">2</subfield>
    <subfield code="v">500.00</subfield>
    <subfield code="w">2011-05-02</subfield>
    <subfield code="y">HN</subfield>
  </datafield>
</record>
